JCT intermediate form of building contract IFC 84: fluctuations clauses and formula rules (Supp IFC 84) (Record no. 97331)

MARC details
000 -LEADER
fixed length control field 00808cam a2200193 4500
001 - CONTROL NUMBER
control field D6167
008 - FIXED-LENGTH DATA ELEMENTS--GENERAL INFORMATION
fixed length control field 090401t1984 xxu||||| |||| 00| 0 eng d
035 ## - SYSTEM CONTROL NUMBER
System control number (Sirsi) u88329
041 ## - LANGUAGE CODE
Language code of text/sound track or separate title eng
050 ## - LIBRARY OF CONGRESS CALL NUMBER
Classification number 692.8
110 ## - MAIN ENTRY--CORPORATE NAME
Corporate name or jurisdiction name as entry element Joint Contracts Tribunal
9 (RLIN) 3664
245 ## - TITLE STATEMENT
Title JCT intermediate form of building contract IFC 84: fluctuations clauses and formula rules (Supp IFC 84)
260 ## - PUBLICATION, DISTRIBUTION, ETC.
Place of publication, distribution, etc. London
Name of publisher, distributor, etc. RIBA Publications for JCT
Date of publication, distribution, etc. 1984
300 ## - PHYSICAL DESCRIPTION
Extent 26p. 30cm
350 ## - PRICE (NR) (BK AM CF MU VM SE) [OBSOLETE]
Price 0
520 ## - SUMMARY, ETC.
Summary, etc. Filed in box JCT 1984/2 ABC A - Archives, B - Reference, C - Loan, Contents: Supplemental condition C: contribution, levy and tax fluctuations referred to in clause 4.9 (a): supplemental condition D: use of price adjustment formulae 4.9 (b): formula rules referred to in clause D1
942 ## - ADDED ENTRY ELEMENTS (KOHA)
Suppress in OPAC 0
948 ## - LOCAL PROCESSING INFORMATION (OCLC); SERIES PART DESIGNATOR (RLIN)
c (OCLC) 04/03/1997
Holdings
Withdrawn status Lost status Source of classification or shelving scheme Damaged status Not for loan Home library Current library Shelving location Date acquired Total Checkouts Full call number Barcode Date last seen Copy number Price effective from Koha item type
    Dewey Decimal Classification     London London Boxed set 08/08/1991   JCT 1984/2 30016404 06/08/2019 1 06/08/2019 Reference material
    Dewey Decimal Classification     London London Boxed set 08/08/1991   JCT 1984/2 30016405 06/08/2019 2 06/08/2019 Reference material
    Dewey Decimal Classification     London London Boxed set 08/08/1991   JCT 1984/2 30016406 06/08/2019 3 06/08/2019 Book